Introducción al análisis de estados contables (Registro nro. 11112)

Detalles MARC
000 -LEADER
fixed length control field 00353 a2200121 4500
001 - CONTROL NUMBER
control field ART_5533
005 - DATE AND TIME OF LATEST TRANSACTION
control field 20260410161616.0
008 - FIXED-LENGTH DATA ELEMENTS--GENERAL INFORMATION
fixed length control field 260409a
100 1# - MAIN ENTRY--PERSONAL NAME
Personal name Bancalari, Silvana
245 10 - TITLE STATEMENT
Title Introducción al análisis de estados contables
700 1# - ADDED ENTRY--PERSONAL NAME
Personal name García Fronti, Inés M.
773 0# - HOST ITEM ENTRY
Title Enfoques
Related parts - Nº 10 (oct. 2005)
Record control number REV416

No hay ítems disponibles.